000 01056nam a22002297a 4500
005 20260212170915.0
008 260212b |||||||| |||| 00| 0 eng d
020 _a9788171198177 (hbk)
037 _cTB
040 _aCRL
_cCRL
041 _2hin
_ahin
084 _aO152,2:g P3
_qCRL
100 _aचातक, गोविन्द
_91115522
245 _aआधुनिक हिन्दी नाटक का अग्रदूत मोहन राकेश
260 _aनयी दिल्ली, भारत:
_bराधाकृष्ण प्रकाशन,
_c2003.
300 _a195पृ.
365 _b895.00
_cINR
650 _aहिन्दी नाटक
_91115523
650 _aहिन्दी साहित्य
_91115524
942 _2CC
_cTB
_hO152,2:g P3
_n0
999 _c1679499
_d1679499